| 000 | 00392nam a2200121Ia 4500 | ||
|---|---|---|---|
| 008 | 220216s9999 xx 000 0 und d | ||
| 100 | _aCheah L C | ||
| 245 | 0 | _aSustained yield natural forest management in Peninsular Malaysia: Opportunities for more effective forest practices | |
| 650 | _aDipterocarp | ||
| 650 | _aNatural forest management | ||
| 650 | _aSilvicultural system | ||
| 942 | _cJS | ||
| 999 |
_c70085 _d70085 |
||